Prognózy vývoja cien nehnuteľností na bývanie v prostredí krátkych časových radov

Saved in:
Bibliographic Details
Main Author: Karšay, Alexander, 1983-
Format: Book Chapter
Language:Slovak
Tags: Add Tag
No Tags, Be the first to tag this record!

MARC

LEADER 00000nla a2200000 4500
001 0200305
005 20240502073404.6
041 0 |a slo 
044 |a SK 
245 1 0 |a Prognózy vývoja cien nehnuteľností na bývanie v prostredí krátkych časových radov  |c Alexander Karšay 
100 1 |a Karšay, Alexander, 1983-